000
00325nam a2200133Ia 4500
005
20251222155058.0
008
251222s9999||||xx |||||||||||||| ||spa||
082
_a
EDUM.111
100
_a
BEATRIZ SANCHEZ HERRERA
245
0
_a
Dimensiones del cuidado
250
_a
1ra. ed.
264
_b
Univ.Nac. De Colombia
942
_c
LIB
999
_c
37569
_d
37569